| 000 | 00488nam a2200169 a 4500 | ||
|---|---|---|---|
| 001 | 000048768 | ||
| 005 | 20201002061407.0 | ||
| 008 | 190412s2016 dr 000 0 spa d | ||
| 020 | _a9789945167627 | ||
| 040 |
_aDO-SdBNP _bspa _cBNPHU |
||
| 082 |
_axxx _bJ55 |
||
| 100 | 1 |
_aJerez, Keren _976222 |
|
| 245 | 1 | 0 |
_aMetamorfis : _bde oruga a mariposa / _cKeren Jerez. |
| 260 |
_aSanto Domingo, : _bDiez Veces Mas Group, _c2016. |
||
| 300 |
_a101 p. ; _c18 cm. |
||
| 590 | _aInventariado, 2019/ YL | ||
| 999 |
_c48256 _d48256 |
||